00631nam a22002297a 4500003000500000005001700005008004100022010001000063011001000073035001000083040000900093082001600102110006000118245001800178260003900196300000700235490002500242500003000267650003900297650004000336830002500376CHAP20220329133829.0971013s1919 r 00010 d a11513 a12485 a15671 cCHAP a630.72bN48 aNew York State College of Agriculture and Life Sciences aAnnual report aNew York :bThe College,c19 -19 . av. aLegislative Document aLa biblioteca tiene: 198114aAgriculturaxInvestigacionzE.U.A.14aBiologíaxInvestigaciónxE.U.A.0 aLegislative Document